000 00614nam a2200229Ia 4500
003 OSt
005 20221007080824.0
006 a|||||r|||| 00| 0
007 ta
008 221006b |||||||| |||| 00| 0 eng d
024 _a18,133
037 _cTextual
040 _aFLL
_cFLL
_beng
041 _2eng
_aeng
082 _azl1:N47, K5
100 _aBriggs Herbert W.
_9690512
245 0 _aInternational law commission
260 _aNew York
_bCornell University Press USA
_c1965
300 _a380p
_ccm.
942 _hzl1:N47, K5
_cTEXL
_2CC
999 _c1161017
_d1161017